|
|
|
|
| LEADER |
00000cam a22000004a 4500 |
| 001 |
musev2_6852 |
| 003 |
MdBmJHUP |
| 005 |
20230905040808.0 |
| 006 |
m o d |
| 007 |
cr||||||||nn|n |
| 008 |
830906s1985 alu o 00 0 eng d |
| 010 |
|
|
|z 83017957
|
| 020 |
|
|
|a 9780817383077
|
| 020 |
|
|
|z 9780817302085
|
| 020 |
|
|
|z 9780817312770
|
| 035 |
|
|
|a (OCoLC)607719624
|
| 040 |
|
|
|a MdBmJHUP
|c MdBmJHUP
|
| 043 |
|
|
|a n-us-al
|
| 050 |
0 |
4 |
|a F326.5
|b .A39 1985
|
| 082 |
0 |
|
|a 976.1
|2 19
|
| 245 |
0 |
0 |
|a Alabama and the Borderlands :
|b From Prehistory To Statehood /
|c edited by R. Reid Badger and Lawrence A. Clayton.
|
| 264 |
|
1 |
|a University, Ala. :
|b University of Alabama Press,
|c 1985.
|
| 264 |
|
3 |
|a Baltimore, Md. :
|b Project MUSE,
|c 2012
|
| 264 |
|
4 |
|c ©1985.
|
| 300 |
|
|
|a 1 online resource (262 pages):
|b ill. ;
|
| 336 |
|
|
|a text
|b txt
|2 rdacontent
|
| 337 |
|
|
|a computer
|b c
|2 rdamedia
|
| 338 |
|
|
|a online resource
|b cr
|2 rdacarrier
|
| 500 |
|
|
|a Includes index.
|
| 500 |
|
|
|a "A Dan Josselyn memorial publication."
|
| 500 |
|
|
|a Essays evolved from a symposium held at the University of Alabama, Sept. 1981, sponsored by the College of Arts and Sciences.
|
| 504 |
|
|
|a Bibliography: p. 223-237.
|
| 588 |
|
|
|a Description based on print version record.
|
| 651 |
|
0 |
|a Alabama
|x History
|y To 1819
|x Congresses.
|
| 650 |
|
0 |
|a Indians of North America
|z Alabama
|x History
|x Congresses.
|
| 655 |
|
7 |
|a Electronic books.
|2 local
|
| 700 |
1 |
|
|a Clayton, Lawrence A.
|
| 700 |
1 |
|
|a Badger, Reid.
|
| 710 |
2 |
|
|a University of Alabama.
|b College of Arts and Sciences.
|
| 710 |
2 |
|
|a Project Muse.
|e distributor
|
| 830 |
|
0 |
|a Book collections on Project MUSE.
|
| 856 |
4 |
0 |
|z Texto completo
|u https://projectmuse.uam.elogim.com/book/6852/
|
| 945 |
|
|
|a Project MUSE - Custom Collection
|
| 945 |
|
|
|a Project MUSE - Archive Complete Foundation
|
| 945 |
|
|
|a Project MUSE - Archive US Regional Studies, South Foundation
|